Kepimpinan di alaf baru [ bersama tokoh pemimpin YB Dato` Seri Mohamad nazri bin Tan Sri Abdul Aziz
| Format: | Book |
|---|---|
| Published: |
Bangi :
Inspen ,
2000
|
| Subjects: |
MARC
| LEADER | 00000cam a2200000 7i4500 | ||
|---|---|---|---|
| 001 | 0000017335 | ||
| 005 | 20061129.0 | ||
| 040 | |a INS | ||
| 090 | 0 | 0 | |a HD38.2 |
| 245 | 0 | 0 | |a Kepimpinan di alaf baru [ |h video recording] : |b bersama tokoh pemimpin YB Dato` Seri Mohamad nazri bin Tan Sri Abdul Aziz |
| 260 | |a Bangi : |b Inspen , |c 2000 | ||
| 300 | |a 1Video cassette(VHS) (2:15) : |b sd.,col. ; |c 1/2 in. | ||
| 650 | 0 | 0 | |a Laeadership |
| 999 | |a VHS864 |b VIDEO |c Media Collection |e Default branch | ||